000 00495nam a2200169 4500
001 118873
003 ES-MaACL
005 20230906191210.0
007 t|
008 070214s1949 sp r ||||1| spa d
100 1 _aPérez-Clotet, Pedro,
_d1902-1966
_990734
245 1 0 _aBajo la voz amiga /
_cpor Pedro Pérez -Clotet.
260 _aCádiz :
_b[s.n.],
_c1949 (
_fImp. Salvador Repeto)
300 _a84 p. ;
_c16 cm.
852 _aES-MaACL
_j1906-f-2
_bR.29084
999 _c118873
_d118873